000 00421pab a2200157 454500
008 180718b2010 xxu||||| |||| 00| 0 eng d
100 _aGhosh, Dipak Kumar
245 _aJnaneshwari express sabotage and mass murder case: another battle between the CBI and West Bengal CID
260 _c2010
300 _ap.17-19.
362 _a10 Jul
650 _aRailways
773 _aMainstream
908 _aN
909 _a86853
999 _c86853
_d86853